|
|
|
|
| LEADER |
00990nam a22002417a 4500 |
| 001 |
AAL4316 |
| 003 |
BD-DhAAL |
| 005 |
20160204123021.0 |
| 008 |
160204m20022000bd ||||| |||| 00| 0 ben d |
| 020 |
|
|
|a 9847510008
|
| 040 |
|
|
|a BD-DhAAL
|c BD-DhAAL
|
| 082 |
|
|
|a 320.95492
|
| 100 |
|
|
|a আহমদ, এমাজউদ্দীন
|9 17726
|
| 245 |
|
|
|a বাংলাদেশ রাজনীতি :
|b কিছু কথা ও কথকতা /
|c এমাজউদ্দীন আহমদ
|
| 260 |
|
|
|a ঢাকা :
|b মৌলি প্রকাশনী,
|c ২০০২.
|
| 300 |
|
|
|a ২৩৯ পৃ. ;
|c ২২ সে.মি.
|
| 541 |
|
|
|e 4316
|
| 650 |
|
|
|a Politics and government
|9 17727
|
| 651 |
|
|
|a Bangladesh
|x Politics and government
|y 1971-
|9 17728
|
| 651 |
|
|
|a Bangladesh
|9 17729
|
| 942 |
|
|
|2 ddc
|c BK
|
| 999 |
|
|
|c 36766
|d 36766
|
| 952 |
|
|
|0 0
|1 0
|2 ddc
|4 0
|6 320_954920000000000_AHM
|7 0
|9 57855
|a SCL
|b SCL
|c GEN
|d 2016-02-04
|g 200.00
|l 0
|o 320.95492 AHM
|p 3020004316
|r 2016-02-04
|t 1
|w 2016-02-04
|y BK
|